| 000 | 00839nam a22002297a 4500 | ||
|---|---|---|---|
| 999 |
_c4337 _d4337 |
||
| 003 | AR-CdUCM | ||
| 008 | 190308b ||||| |||| 00| 0 spa d | ||
| 040 |
_aMUNICIPALIDAD PROVINCIAL DEL CUSCO _cBIBLIOTECA MUNICIPAL DEL CUSCO |
||
| 082 |
_23ed. _a790 / _bP89 |
||
| 100 |
_aPuch, Juan Francisco _913708 |
||
| 245 | _aJuegos y pasatiempos / | ||
| 260 |
_aMadrid : _bSantillana, _c1963. |
||
| 300 |
_a91 páginas ; _c21 cm. |
||
| 505 | _aContenido: Juegos al aire libre -- agua por favor -- Eldenge (los goitos) -- La semana -- Carrera de botones -- Cow-boys y pieles rojas -- Carrera de globos ... | ||
| 650 |
_aJuegos al aire libre _913709 |
||
| 650 |
_aNiños _99390 |
||
| 650 |
_aLúdico _913710 |
||
| 700 |
_aBermúdez, Manuel _913711 |
||
| 700 |
_aTirnón Castro, José (ilustrador) _913712 |
||
| 942 |
_2ddc _cLIBROS |
||
| 945 | _aafb | ||